Tribhuvan University Central Library

Remote sensing and water resources (Record no. 20287)

MARC details
000 -LEADER
fixed length control field 006500000a22002410004500
082 ## - DEWEY DECIMAL CLASSIFICATION NUMBER
Classification number 621.367
Item number In8p
-- UN
020 ## - INTERNATIONAL STANDARD BOOK NUMBER
International Standard Book Number 92-5-004070-9
041 ## - LANGUAGE CODE
Language code of text/sound track or separate title Eng
111 ## - MAIN ENTRY--MEETING NAME
Meeting name or jurisdiction name as entry element Internal Workshop on Remote Sensing and Water Resource, France, 30 Nov.-Dec. 1995
245 ## - TITLE STATEMENT
Title Remote sensing and water resources
260 ## - PUBLICATION, DISTRIBUTION, ETC. (IMPRINT)
Place of publication, distribution, etc Rome
Name of publisher, distributor, etc Food and Agriculture Organization, IT
260 ## - PUBLICATION, DISTRIBUTION, ETC. (IMPRINT)
Date of publication, distribution, etc 1995
300 ## - PHYSICAL DESCRIPTION
Extent viii,93p.
440 ## - SERIES STATEMENT/ADDED ENTRY--TITLE
Title Water reports
-- 16
518 ## - DATE/TIME AND PLACE OF AN EVENT NOTE
Date/time and place of an event note 991207
530 ## - ADDITIONAL PHYSICAL FORM AVAILABLE NOTE
Additional physical form available note M
650 ## - SUBJECT ADDED ENTRY--TOPICAL TERM
Topical term or geographic name as entry element Remote sensing
650 ## - SUBJECT ADDED ENTRY--TOPICAL TERM
Topical term or geographic name as entry element Groundwater
650 ## - SUBJECT ADDED ENTRY--TOPICAL TERM
Topical term or geographic name as entry element Workshop teaching methods
650 ## - SUBJECT ADDED ENTRY--TOPICAL TERM
Topical term or geographic name as entry element Irrigation
650 ## - SUBJECT ADDED ENTRY--TOPICAL TERM
Topical term or geographic name as entry element Water resources
942 ## - ADDED ENTRY ELEMENTS (KOHA)
Koha item type General Collections
Holdings
Withdrawn status Lost status Damaged status Not for loan Home library Current library Date acquired Total Checkouts Barcode Date last seen Price effective from
        Tribhuvan University Central Library Tribhuvan University Central Library 06/20/2010   UN17061 06/20/2010 06/20/2010